00777nam a22002057a 450000500170000001000150001702000260003203500140005803700090007208200100008110000240009124500820011526000530019727000750025030000230032570000260034894200240037499900190039895201540041720241203143128.0 aENG-142776 a9789355328526c370.00 aEN-126308 bDBAD a363.2 aAshok Kumar 974597 aChallenges to Internal security of India/cby Ashok Kumar [and] Vipul Anekant aChennaibMcGraw Hill Education Private Ltdc2024 aAnjana Complex No. 5/90 A, Butt Road, St Thomas MountbChennaie600016 axix292p.c23cm(pb) aAnekant, Vipul974598 2ddccENmASHh363.2 c207368d207368 001040708NFICaAVbAVd2024-12-03eDelivery of Books Act Divisiong370.00l0oASH 363.2pEN-126308r2024-12-03 00:00:00t1v370.00w2024-12-03yEN